000 00527nam a2200181Ia 4500
003 IN-BaIIA
008 211028s9999 xx 000 0 eng d
020 _a0-262-03097-7
040 _cIIA Library
080 _a52.3
_bAST
100 _aCornell, James
_912313
245 0 _aAstronomy from space
_cJames Cornell
260 _aCambridge
_bMIT Press
_c1983
300 _avii, 248p.
650 _aAstronomy and astrophysics thesaurus
650 _aSpace astronomy
_93005
942 _cBK
999 _c8082
_d8082